| 000 -LEADER |
| fixed length control field |
00828nam a22001337a 4500 |
| 040 ## - CATALOGING SOURCE |
| Transcribing agency |
RUA |
| 082 ## - DEWEY DECIMAL CLASSIFICATION NUMBER |
| Classification number |
AGR SUO 2007 B048 Or.1 |
| 100 ## - MAIN ENTRY--AUTHOR NAME |
| Personal name |
SUON, PAGNASAK. |
| 245 ## - TITLE STATEMENT |
| Title |
Effect of rhizobium and nitrogen feryilizer application on soybean in the crop station of the royal university of agriculture ប្រសិទ្ធភាពនៃការប្រើប្រាស់ម្សៅរីសូប្យ៉ូមនិងជីអាសូតលើដំណាំសណ្ដែកសៀងក្នុងស្ថានីយ៏ដំណាំនៃសាកលវិទ្យាល័យភូមិន្ទកសិកម្ម |
| 260 ## - PUBLICATION, DISTRIBUTION, ETC. (IMPRINT) |
| Place of publication |
Phnom Penh |
| Name of publisher |
RUA |
| Year of publication |
2007 |
| 300 ## - PHYSICAL DESCRIPTION |
| Number of Pages |
xii, 65p. |
| Other physical details |
ill. |
| Dimensions |
29cm. |
| 856 ## - ELECTRONIC LOCATION AND ACCESS |
| Uniform Resource Identifier |
https://drive.google.com/file/d/1TVODZ2g-5JqGf0e7LOxOnsWfzjKMCZPJ/view?usp=sharing |
| 942 ## - ADDED ENTRY ELEMENTS (KOHA) |
| Koha item type |
AGR |
| 952 ## - LOCATION AND ITEM INFORMATION (KOHA) |
| Withdrawn status [LOCAL, KOHA] |
0 |
| 952 ## - LOCATION AND ITEM INFORMATION (KOHA) |
| Withdrawn status [LOCAL, KOHA] |
0 |
| 952 ## - LOCATION AND ITEM INFORMATION (KOHA) |
| Withdrawn status [LOCAL, KOHA] |
0 |
| 952 ## - LOCATION AND ITEM INFORMATION (KOHA) |
| Withdrawn status [LOCAL, KOHA] |
0 |
| 952 ## - LOCATION AND ITEM INFORMATION (KOHA) |
| Withdrawn status [LOCAL, KOHA] |
0 |
| 952 ## - LOCATION AND ITEM INFORMATION (KOHA) |
| Withdrawn status [LOCAL, KOHA] |
0 |